Electronic communications systems : fundamentals through advanced (Record no. 4729)

000 -LEADER
fixed length control field 00575 a2200181 4500
020 ## - INTERNATIONAL STANDARD BOOK NUMBER
International Standard Book Number 013889759x
040 ## - CATALOGING SOURCE
Original cataloging agency DLC
082 ## - DEWEY DECIMAL CLASSIFICATION NUMBER
Classification number 621.382
100 ## - MAIN ENTRY--PERSONAL NAME
Personal name Tomasi, Wayne.
245 ## - TITLE STATEMENT
Title Electronic communications systems : fundamentals through advanced
Remainder of title fundamentals through advanced
Statement of responsibility, etc. Wayne Tomasi
250 ## - EDITION STATEMENT
Edition statement 3rd ed.
260 ## - PUBLICATION, DISTRIBUTION, ETC.
Place of publication, distribution, etc. Upper Saddle River, New Jersey : , c2007.
Name of publisher, distributor, etc. Prentice Hall
Date of publication, distribution, etc. 1998
300 ## - PHYSICAL DESCRIPTION
Extent xviii, 1163 p. :
Other physical details ill.
Dimensions ; 27 cm.
500 ## - GENERAL NOTE
General note Includes Index
600 ## - SUBJECT ADDED ENTRY--PERSONAL NAME
Personal name Telecommunication systems.
700 ## - ADDED ENTRY--PERSONAL NAME
Relator code Tomasi, Wayne.
942 ## - ADDED ENTRY ELEMENTS (KOHA)
Koha item type Book
Call number prefix 621.382 TOM
Source of classification or shelving scheme
Holdings
Withdrawn status Lost status Damaged status Not for loan Collection code Permanent Location Current Location Shelving location Date acquired Source of acquisition Cost, normal purchase price Total Checkouts Full call number Barcode Date last seen Price effective from Koha item type
          Central Library (CL) Central Library (CL) General Stacks 01/16/2002 Academic Book Company 1503.83   621.382 TOM SEECS001719 11/14/2012 01/05/2017 Book
© 2023 Central Library, National University of Sciences and Technology. All Rights Reserved.